Which Territory? - Click Quiz - Statistics

General Stats
  • This quiz has been taken 130 times
    120 since last reset
  • The average score is 13 of 30
Answer Stats
Hint Answer % Correct
Largest island in the world Greenland
95%
Not an island or archipelago French Guiana
90%
One of the Comoro Islands Mayotte
79%
Has a mysterious zone named after it Bermuda
70%
One of the islands of this territory is Tahiti French Polynesia
70%
Divided between 2 different countries Saint Martin Island
70%
Almost 90% of the population is of Inuit ethnicity Greenland
60%
Its ccTLD (country code top-level domain) is .cx Christmas Island
52%
Located on the Nazca tectonic plate Galapagos Islands
52%
Named after a sub-region of a continent French Polynesia
51%
The largest ethnic group is Chinese Christmas Island
50%
The most densely populated territory on this list Bermuda
47%
People from here are called Mahorais Mayotte
45%
The European Space Agency uses it a lot for launches French Guiana
44%
One of the only places were you would find the 'Blue-footed booby' Galapagos Islands
43%
Is said to have the oldest parliament in the world Faroe Islands
38%
Was discovered first Faroe Islands
37%
About 225 kilometers away from the International Date Line American Samoa
33%
Has 153 sheep per person Falkland Islands
31%
Has the best GDP per capita on this list Bermuda
28%
Sometimes known as 'The Seahorse Island' Mayotte
24%
Had a referendum in 2013, the result was 99.8% in favour of remaining a territory Falkland Islands
23%
Is 98.3% Christian American Samoa
22%
Has the lowest population out of all of these territories Christmas Island
22%
Capital has 4 letters, three of them are the same French Polynesia
20%
The only country/territory to use the time zone UTC -9:30 French Polynesia
16%
Was unfortunately devastated by an 8.1 magnitude earthquake in 2009 American Samoa
15%
Is home to the vertebrate with the longest lifespan Greenland
12%
Westernmost part of the European Union Saint Martin Island
8%
Has no native trees Falkland Islands
7%
No matching quizzes found
Score Distribution
Percent of People with Each Score
Percentile by Number Answered
Your Score History
You have not taken this quiz since the last reset